| 000 | 00252nam a22000857a 4500 | ||
|---|---|---|---|
| 999 |
_c23604 _d23604 |
||
| 003 | Nust | ||
| 005 | 20170526162540.0 | ||
| 008 | 131219b xxu||||| |||| 00| 0 eng d | ||
| 020 | _cAvailable | ||
| 040 |
_aDLC _bDLC _cRCMS |
||
| 082 | _a070 MUR | ||
| 100 |
_aProf Murtaza Mateen ur Rehman _9152 |
||
| 245 |
_aTarf-e- Iblagh -e- Aamh (Urdu) _cProf Murtaza Mateen ur Rehman |
||
| 260 |
_aNew York _bMcGraw-Hill _cc1999 |
||
| 300 |
_a407,p: _bill _c24,cm. |
||
| 538 | _iShelf # 13, Row # 3, Fiction. | ||
| 650 |
_aJournalism _9144 |
||
| 856 | _3Table of Content Only | ||
| 942 |
_2ddc _cFIC |
||